000 00633nam a2200205Ia 4500
005 20260121110132.0
008 008 260114s9999 xx 000 0 hin d
020 _a9788132304265
037 _aEBOOK
040 _aCRL
_bhin
_cCRL
041 _ahin
_2hin
084 _qCRL
100 _aसुधा त्यागी / Sudha Tyagi
_9942482
245 0 _aभोजन परिरक्षण / Bhojan parirakshan
260 _bभाषा प्रकाशन / Bhasha Prakashan
_c2020
856 _uhttps://bhashaprakashan.com/product-details/378057
942 _cEBOOK
999 _c1534147
_d1534147